ბათუმის შოთა რუსთაველის სახელმწიფო უნივერსიტეტის ბიბლიოთეკა

Словарь по геологии нефти. (ბიბ.ჩანაწერი № 37259)

000 -LEADER
fixed length control field 00617nam a2200205Ia 4500
001 - CONTROL NUMBER
control field 3218
003 - CONTROL NUMBER IDENTIFIER
control field GE_BSU
008 - FIXED-LENGTH DATA ELEMENTS--GENERAL INFORMATION
fixed length control field 181216s||||||||xx |||||||||||||| ||und||
040 ## - CATALOGING SOURCE
Transcribing agency GE_BSU
080 ## - UNIVERSAL DECIMAL CLASSIFICATION NUMBER
Universal Decimal Classification number 550+553.98(038)
245 ## - TITLE STATEMENT
Title Словарь по геологии нефти.
245 ## - TITLE STATEMENT
Statement of responsibility, etc. Под ред. М.Ф.Мирчинка.
250 ## - EDITION STATEMENT
Edition statement Изд второе, исправленное и дополненное.
260 ## - PUBLICATION, DISTRIBUTION, ETC.
Place of publication, distribution, etc. Л.
260 ## - PUBLICATION, DISTRIBUTION, ETC.
Name of publisher, distributor, etc. Гостоптехиздат.
260 ## - PUBLICATION, DISTRIBUTION, ETC.
Date of publication, distribution, etc. 1958.
300 ## - PHYSICAL DESCRIPTION
Extent 776 стр. 22 см.
653 ## - INDEX TERM--UNCONTROLLED
Uncontrolled term Словарь по геологии нефти.
942 ## - ADDED ENTRY ELEMENTS (KOHA)
Koha item type წიგნი
ეგზემპლარები
Withdrawn status Lost status Damaged status Not for loan Date acquired Barcode Date last seen Price effective from Koha item type
        2018-12-17 9486 2018-12-17 2018-12-17 წიგნი